A portrait of Paul. (Record no. 5158)

000 -LEADER
fixed length control field 00537nam a2200181 a 4500
001 - CONTROL NUMBER
control field :::00002899$&:&@@
003 - CONTROL NUMBER IDENTIFIER
control field OkBaRHE
005 - DATE AND TIME OF LATEST TRANSACTION
control field 20000607103258.0
008 - FIXED-LENGTH DATA ELEMENTS--GENERAL INFORMATION
fixed length control field s1935 j 000 0 eng u
040 ## - CATALOGING SOURCE
Transcribing agency
100 1# - MAIN ENTRY--PERSONAL NAME
Personal name Findlay, J. Alexander.
245 12 - TITLE STATEMENT
Title A portrait of Paul.
260 ## - PUBLICATION, DISTRIBUTION, ETC. (IMPRINT)
Place of publication, distribution, etc London, UK:EN., :
Name of publisher, distributor, etc The Epworth Press
Date of publication, distribution, etc c1935
300 ## - PHYSICAL DESCRIPTION
Extent 163 p. ;
Dimensions 19 cm.
650 ## - SUBJECT ADDED ENTRY--TOPICAL TERM
Topical term or geographic name as entry element Paul, Saint, apostle
942 ## - ADDED ENTRY ELEMENTS (KOHA)
Source of classification or shelving scheme
Koha item type Books
Copies
Not for loan Full call number Lost status Price effective from Barcode Shelving location Source of classification or shelving scheme Date last seen Copy number Damaged status Koha item type Permanent Location Date acquired Withdrawn status
 BS 2505 .F497 2010-04-142899General Stacks 2018-03-161 BooksRHEMA Bible Training College2010-04-14